000 01073nam a22002897a 4500
008 231113b ||||| |||| 00| 0 spa d
020 _a9789505577101
040 _cAR-FvUNAJ
082 1 4 _214
_a330.15
245 0 0 _aTeorías económicas sobre el mercado de trabajo :
_bNeoclásicos y nuevos keynesianos /
_cJulieta Albano y otros ; director Julio César Neffa.
260 _aBuenos Aires :
_bFondo de Cultura Económica,
_c2007.
300 _a309 p.
440 _99043
_aSección Obras de Economía
500 _aBibliografía al final de cada capítulo.
650 2 7 _2unescot
_94468
_aTEORÍA ECONÓMICA
650 2 4 _91644
_aKEYNESIANISMO
_2unescot
650 2 4 _9855
_aPOLITICA ECONOMICA
_2unescot
650 2 7 _91295
_aMERCADO DE TRABAJO
_2unescot
700 1 _91554
_aNeffa, Julio César
_bdir.
700 1 _919877
_aAlbano, Julieta
700 1 _919878
_aLópez Ghio, Ramiro
700 1 _919879
_aSalas, Julieta
700 1 _919880
_aToledo, Fernando
700 1 _98320
_aPérez, Pablo E.
942 _2ddc
_cLIBRO
980 _621570
_a Diaz Bustince
_82
_gVirginia Figueroa
999 _c10047
_d10047